000
00288nam a2200121Ia 4500
008
220216s9999 xx 000 0 und d
100
_a
Sandison S
245
4
_a
The maintenance of young rubber. Part II
260
_b
Planter
_c
1954
300
_a
592-595
650
_a
Rubber
942
_c
JS
999
_c
70826
_d
70826